|
|
|
|
| LEADER |
00912nam a2200229 a 4500 |
| 001 |
GR-MES2532 |
| 008 |
991111s1986 enk b 001 b eng d |
| 020 |
|
|
|a 0122951832
|
| 040 |
|
|
|a GrPaTEI
|b gre
|c GR-PaULI
|
| 245 |
0 |
0 |
|a Forecasting economic time series.
|
| 250 |
|
|
|a 2th ed.
|
| 260 |
|
|
|a London :
|b Academic press,
|c 1986
|
| 300 |
|
|
|a xiii,338σ.
|
| 504 |
|
|
|a Περιλαμβάνει βιβλιογραφικές παραπομπές και ευρετήριο.
|
| 650 |
|
4 |
|a Οικονομία
|
| 650 |
|
4 |
|a ΠΡΟΒΛΕΨΕΙΣ
|
| 700 |
1 |
|
|a Granger, C. W. J.
|q (Clive William John),
|d 1934-2009.
|
| 700 |
1 |
|
|a Newbold, Paul
|
| 942 |
|
|
|2 ddc
|
| 952 |
|
|
|0 0
|1 0
|2 ddc
|4 0
|6 338_544000000000000_2_GRA
|7 0
|9 266930
|a MSLG
|b MSLG
|c BSC
|d 2021-01-17
|e 24
|f 0
|g 0.00
|l 0
|o 338.544 2 GRA
|p 2420000013365
|r 2021-01-17 00:00:00
|t 1
|w 2021-01-17
|y BK15
|x 19991111 0 1
|x GrPaTEI
|
| 971 |
|
|
|a .b25735779
|b 15-04-20
|c 13-09-16
|
| 999 |
|
|
|c 153620
|d 153620
|